• 首页
  • 本馆介绍
  • 公告通知
  • 最新文献
  • 馆藏检索
  • 电子资源
  • 读者导购
  • 参考咨询
  • 我的图书馆
  • 登录
  • 详细信息显示
  • 放入我的书架
  • 预约/预借图书
  • 作者相关作品
  • 分类相关作品
  • 丛书相关作品
  • 出版社相关作品

书目信息

  • 表格格式
  • 工作单格式
  • 卡片格式
题名:
APP一代
    
 
作者: 加德纳 , 戴维斯 著 ;李一飞 , 金阳 译
分册:  
出版信息: 北京   电子工业出版社  2015
页数: 232页
开本: 23cm
丛书名:
单 册:
中图分类: G301 , TP393.4
科图分类:
主题词: 互联网络--影响--社会生活--研究
电子资源:
ISBN: 978-7-121-26453-5
000 01323nam0 2200313 450
001 589
005 20160908095316.53
010    @a978-7-121-26453-5@dCNY59.00
100    @a20150907d2015 em y0chiy50 ea
101 1  @achi@ceng
102    @aCN@b110000
105    @aa z 000yy
200 1  @aAPP一代@9APP yi dai@e网络化科学的新时代@f(美)霍华德·加德纳(Howard Gardner),(美)凯蒂·戴维斯(Katie Davis)著@g李一飞,金阳译
210    @a北京@c电子工业出版社@d2015
215    @a232页@c图@d23cm
300    @a译言·东西文库
312    @a书名原文:App generation: how today's youth navigate identity, intimacy, and imagination
330    @a本书作者区分了“App依赖者”和“App使用者”两种人和App的关系,从同一性、亲密关系和想象力三个方面探讨了这一代人的生活与前数字数代生活的差异性。
510 1  @aApp generation@ehow today's youth navigate identity, intimacy, and imagination@zeng
517 1  @a网络化科学的新时代@9wang luo hua ke xue de xin shi dai
606 0  @a互联网络@x影响@x社会生活@x研究
690    @aG301@v5
690    @aTP393.4@v5
701  0 @a加德纳@9jia de na@c(美)@c(Gardner, Howard@f1943~)@4著
701  0 @a戴维斯@9dai wei si@c(美)@c(Davis, Katie)@4著
702  0 @a李一飞@9li yi fei@4译
702  0 @a金阳@9jin yang@4译
801  0 @aCN@b唐山师范学院图书馆@c20160723
905    @aZUCC@dG301@e184
    
    APP一代:网络化科学的新时代/(美)霍华德·加德纳(Howard Gardner),(美)凯蒂·戴维斯(Katie Davis)著/李一飞,金阳译.-北京:电子工业出版社,2015
    232页:图;23cm
    译言·东西文库
    
    ISBN 978-7-121-26453-5:CNY59.00
    本书作者区分了“App依赖者”和“App使用者”两种人和App的关系,从同一性、亲密关系和想象力三个方面探讨了这一代人的生活与前数字数代生活的差异性。
●
相关链接 在E读中查询图书 在五车中查询图书 在当当中查询图书 在豆瓣中查询图书


正题名:APP一代     索取号:G301/184         预约/预借

序号 登录号 条形码 馆藏地/架位号 状态 备注
1 902542   209025428   第一样本阅览室/ [索取号:G301/184] 在馆    
2 902543   209025437   第四借阅区/ [索取号:G301/184] 在馆    
3 902544   209025446   第四借阅区/ [索取号:G301/184] 在馆    
4 902552   209025525   第四借阅区/ [索取号:G301/184] 在馆    
5 902553   209025534   第四借阅区/ [索取号:G301/184] 在馆    
唐山师范学院图书馆 欢迎您!
大连网信软件有限公司© 版权所有